[Event "WYCC Girls 10"]
[Site "Porto Carras"]
[Date "2015.10.29"]
[Round "5.1"]
[White "Divya, Deshmukh"]
[Black "Ziegenfuss, Antonia"]
[Result "1-0"]
[BlackElo "1608"]
[WhiteElo "1772"]
[LiveChessVersion "1.4.6"]

1. e4 {[%clk 1:30:55]} e5 {[%clk 1:30:52]} 2. Nf3 {[%clk 1:31:13]} Nc6
{[%clk 1:31:14]} 3. Bc4 {[%clk 1:31:29]} Nf6 {[%clk 1:31:16]} 4. Ng5
{[%clk 1:31:52]} d5 {[%clk 1:31:30]} 5. exd5 {[%clk 1:32:14]} Na5
{[%clk 1:31:52]} 6. Bb5+ {[%clk 1:32:36]} c6 {[%clk 1:32:08]} 7. dxc6
{[%clk 1:32:59]} bxc6 {[%clk 1:32:30]} 8. Qf3 {[%clk 1:33:22]} Rb8
{[%clk 1:32:32]} 9. Bd3 {[%clk 1:33:31]} Be7 {[%clk 1:19:37]} 10. O-O
{[%clk 1:33:32]} O-O {[%clk 1:19:37]} 11. Nc3 {[%clk 1:33:22]} Bd7
{[%clk 1:18:10]} 12. Re1 {[%clk 1:33:13]} Qc7 {[%clk 1:15:22]} 13. Qg3
{[%clk 1:32:38]} Rfe8 {[%clk 1:11:03]} 14. b3 {[%clk 1:28:56]} h6
{[%clk 1:08:54]} 15. Nf3 {[%clk 1:24:41]} Bd6 {[%clk 1:02:46]} 16. Qh4
{[%clk 1:24:32]} Bg4 {[%clk 0:51:00]} 17. Ne4 {[%clk 1:24:20]} Nxe4
{[%clk 0:46:39]} 18. Qxg4 {[%clk 1:23:31]} Nf6 {[%clk 0:44:24]} 19. Qf5
{[%clk 1:23:41]} Re6 {[%clk 0:36:48]} 20. Bb2 {[%clk 1:17:29]} Rbe8
{[%clk 0:36:33]} 21. Qh3 {[%clk 1:12:37]} e4 {[%clk 0:27:39]} 22. Bxf6
{[%clk 1:12:25]} gxf6 {[%clk 0:27:50]} 23. Qg4+ {[%clk 1:12:36]} Kh8
{[%clk 0:27:34]} 24. Rxe4 {[%clk 1:12:53]} Rxe4 {[%clk 0:27:09]} 25. Bxe4
{[%clk 1:13:17]} Rg8 {[%clk 0:26:51]} 26. Qf5 {[%clk 1:13:36]} Rg7
{[%clk 0:26:39]} 27. Qxf6 {[%clk 1:13:59]} Bf4 {[%clk 0:24:33]} 28. Re1
{[%clk 1:14:15]} Kg8 {[%clk 0:23:11]} 29. Bd3 {[%clk 1:14:32]} Kf8
{[%clk 0:23:00]} 30. Re8+ {[%clk 1:14:35]} Kxe8 {[%clk 0:23:19]} 31. Qxg7
{[%clk 1:15:01]} Nb7 {[%clk 0:21:55]} 32. g3 {[%clk 1:14:26]} Bd6
{[%clk 0:21:48]} 33. Qxh6 {[%clk 1:14:50]} 1-0

[Event "WYCC Girls 10"]
[Site "Porto Carras"]
[Date "2015.10.29"]
[Round "5.2"]
[White "Stepanyan, Eva"]
[Black "Munkhzul, Davaakhuu"]
[Result "1-0"]
[BlackElo "1582"]
[WhiteElo "1611"]
[LiveChessVersion "1.4.6"]

1. e4 {[%clk 1:30:59]} e5 {[%clk 1:30:43]} 2. Nf3 {[%clk 1:31:22]} Nf6
{[%clk 1:30:48]} 3. Nxe5 {[%clk 1:31:45]} d6 {[%clk 1:31:11]} 4. Nf3
{[%clk 1:32:11]} Nxe4 {[%clk 1:31:15]} 5. Nc3 {[%clk 1:32:37]} Nxc3
{[%clk 1:31:11]} 6. dxc3 {[%clk 1:33:03]} Be7 {[%clk 1:31:19]} 7. Be3
{[%clk 1:33:04]} Nc6 {[%clk 1:30:59]} 8. Qd2 {[%clk 1:33:22]} Be6
{[%clk 1:30:50]} 9. O-O-O {[%clk 1:33:36]} Qd7 {[%clk 1:30:22]} 10. Kb1
{[%clk 1:32:52]} Bf6 {[%clk 1:27:45]} 11. h4 {[%clk 1:30:18]} O-O-O
{[%clk 1:21:36]} 12. Ng5 {[%clk 1:27:08]} Bf5 {[%clk 1:20:52]} 13. Bb5
{[%clk 1:21:24]} h6 {[%clk 1:03:08]} 14. Bxc6 {[%clk 1:20:33]} bxc6
{[%clk 1:02:40]} 15. Nf3 {[%clk 1:20:30]} c5 {[%clk 0:53:39]} 16. Qd5
{[%clk 1:13:44]} c6 {[%clk 0:53:12]} 17. Qb3 {[%clk 1:12:08]} Qb7
{[%clk 0:51:44]} 18. Qa3 {[%clk 1:09:40]} Rd7 {[%clk 0:40:26]} 19. Nd2
{[%clk 1:06:12]} Kc7 {[%clk 0:33:11]} 20. Bf4 {[%clk 1:02:28]} Rb8
{[%clk 0:19:05]} 21. Nc4 {[%clk 1:02:02]} Be7 {[%clk 0:16:00]} 22. Qxc5
{[%clk 0:55:42]} Be6 {[%clk 0:15:11]} 23. b3 {[%clk 0:54:05]} Bxc4
{[%clk 0:14:28]} 24. Qxc4 {[%clk 0:53:15]} f5 {[%clk 0:10:53]} 25. Rhe1
{[%clk 0:52:05]} Bf8 {[%clk 0:06:12]} 26. Rd5 {[%clk 0:47:56]} g6
{[%clk 0:05:46]} 27. Re6 {[%clk 0:46:16]} Kd8 {[%clk 0:04:25]} 28. Rd2
{[%clk 0:45:49]} h5 {[%clk 0:01:49]} 29. Rxg6 {[%clk 0:44:29]} Qc7
{[%clk 0:01:27]} 30. Qg8 {[%clk 0:44:25]} Ke8 {[%clk 0:01:17]} 31. Re6+
{[%clk 0:44:21]} Re7 {[%clk 0:01:39]} 32. Qg6+ {[%clk 0:44:41]} Kd8
{[%clk 0:01:39]} 33. Bg5 {[%clk 0:44:53]} d5 {[%clk 0:01:55]} 34. Bxe7+
{[%clk 0:44:56]} Bxe7 {[%clk 0:02:17]} 35. Rxc6 {[%clk 0:44:25]} Qd7
{[%clk 0:02:27]} 36. Qg8+ {[%clk 0:44:40]} Qe8 {[%clk 0:02:40]} 37. Rxd5+
{[%clk 0:45:00]} Bd6 {[%clk 0:02:58]} 38. Rdxd6+ {[%clk 0:45:16]} Ke7
{[%clk 0:03:23]} 39. Re6+ {[%clk 0:45:36]} Kd7 {[%clk 0:03:48]} 40. Qg7+
{[%clk 1:15:33]} Qf7 {[%clk 0:33:37]} 41. Qxf7+ {[%clk 1:15:53]} Kd8
{[%clk 0:33:30]} 42. Qe7# {[%clk 1:16:18]} 1-0

[Event "WYCC Girls 10"]
[Site "Porto Carras"]
[Date "2015.10.29"]
[Round "5.3"]
[White "Cai, Boheng"]
[Black "Mironenko, Galina"]
[Result "0-1"]
[BlackElo "1792"]
[WhiteElo "1594"]
[LiveChessVersion "1.4.6"]

1. d4 {[%clk 1:30:58]} Nf6 {[%clk 1:30:56]} 2. c4 {[%clk 1:31:23]} Nc6
{[%clk 1:31:23]} 3. Nc3 {[%clk 1:31:48]} e5 {[%clk 1:31:48]} 4. e3
{[%clk 1:30:47]} Bb4 {[%clk 1:31:28]} 5. Nf3 {[%clk 1:30:08]} exd4
{[%clk 1:31:00]} 6. exd4 {[%clk 1:29:15]} O-O {[%clk 1:30:43]} 7. Be2
{[%clk 1:28:57]} d5 {[%clk 1:30:00]} 8. c5 {[%clk 1:26:16]} Bxc3+
{[%clk 1:28:34]} 9. bxc3 {[%clk 1:26:38]} Ne4 {[%clk 1:28:51]} 10. Bb2
{[%clk 1:25:01]} Bg4 {[%clk 1:27:35]} 11. O-O {[%clk 1:24:01]} Re8
{[%clk 1:26:11]} 12. Re1 {[%clk 1:22:07]} Qf6 {[%clk 1:22:41]} 13. Rc1
{[%clk 1:17:30]} Na5 {[%clk 1:01:06]} 14. Qc2 {[%clk 1:15:18]} c6
{[%clk 0:50:08]} 15. Rcd1 {[%clk 1:07:43]} b6 {[%clk 0:43:16]} 16. cxb6
{[%clk 1:03:15]} axb6 {[%clk 0:43:26]} 17. Rf1 {[%clk 0:57:09]} Nc4
{[%clk 0:34:05]} 18. Ba1 {[%clk 0:48:10]} Bh3 {[%clk 0:26:24]} 19. Ne1
{[%clk 0:41:48]} Bf5 {[%clk 0:17:56]} 20. Bd3 {[%clk 0:38:27]} Ned6
{[%clk 0:14:47]} 21. Bxf5 {[%clk 0:35:36]} Qxf5 {[%clk 0:13:09]} 22. Nd3
{[%clk 0:34:30]} Qg6 {[%clk 0:12:33]} 23. Rde1 {[%clk 0:30:57]} Nf5
{[%clk 0:11:52]} 24. Rxe8+ {[%clk 0:23:11]} Rxe8 {[%clk 0:12:06]} 25. Re1
{[%clk 0:20:39]} Rxe1+ {[%clk 0:11:11]} 26. Nxe1 {[%clk 0:21:04]} Qe6
{[%clk 0:11:12]} 27. Qd1 {[%clk 0:17:41]} Nh4 {[%clk 0:09:45]} 28. Kf1
{[%clk 0:15:58]} Kf8 {[%clk 0:08:04]} 29. Qe2 {[%clk 0:15:12]} Qf5
{[%clk 0:04:16]} 30. Qd3 {[%clk 0:13:39]} Qxd3+ {[%clk 0:02:57]} 31. Nxd3
{[%clk 0:14:03]} Ke7 {[%clk 0:03:08]} 32. Bb2 {[%clk 0:13:41]} Nxb2
{[%clk 0:02:45]} 33. Nxb2 {[%clk 0:14:04]} Kd6 {[%clk 0:03:06]} 34. Na4
{[%clk 0:12:10]} Kc7 {[%clk 0:02:54]} 35. f3 {[%clk 0:12:09]} Nf5
{[%clk 0:03:03]} 36. Ke2 {[%clk 0:12:14]} h5 {[%clk 0:03:08]} 37. g3
{[%clk 0:11:47]} g5 {[%clk 0:03:01]} 38. Kd3 {[%clk 0:08:56]} Nd6
{[%clk 0:02:36]} 39. Nb2 {[%clk 0:08:38]} b5 {[%clk 0:02:24]} 40. a4
{[%clk 0:37:00]} Nc4 {[%clk 0:32:09]} 41. Kc2 {[%clk 0:30:12]} Ne3+
{[%clk 0:32:21]} 42. Kd3 {[%clk 0:29:46]} Nf1 {[%clk 0:30:40]} 43. axb5
{[%clk 0:27:40]} cxb5 {[%clk 0:31:02]} 44. Ke2 {[%clk 0:25:11]} Nxh2
{[%clk 0:31:23]} 45. Nd1 {[%clk 0:25:01]} g4 {[%clk 0:30:56]} 46. fxg4
{[%clk 0:24:19]} Nxg4 {[%clk 0:31:11]} 47. Kf3 {[%clk 0:24:15]} Kd6
{[%clk 0:30:20]} 48. Kf4 {[%clk 0:24:00]} Nf6 {[%clk 0:30:00]} 49. Nf2
{[%clk 0:23:09]} Ke6 {[%clk 0:30:10]} 50. Kg5 {[%clk 0:19:07]} Ne4+
{[%clk 0:29:53]} 51. Nxe4 {[%clk 0:19:23]} dxe4 {[%clk 0:30:19]} 52. Kf4
{[%clk 0:19:27]} f5 {[%clk 0:30:11]} 53. Ke3 {[%clk 0:19:24]} Kd5
{[%clk 0:30:32]} 54. Kf4 {[%clk 0:14:39]} b4 {[%clk 0:30:37]} 55. cxb4
{[%clk 0:13:53]} Kxd4 {[%clk 0:31:00]} 56. b5 {[%clk 0:13:31]} Kc5
{[%clk 0:31:25]} 57. Ke3 {[%clk 0:13:52]} Kxb5 {[%clk 0:31:47]} 58. Ke2
{[%clk 0:14:11]} Kc4 {[%clk 0:32:12]} 59. Ke3 {[%clk 0:14:33]} Kc3
{[%clk 0:32:34]} 60. Ke2 {[%clk 0:14:52]} Kd4 {[%clk 0:32:59]} 61. Kd2
{[%clk 0:15:11]} e3+ {[%clk 0:33:22]} 62. Ke2 {[%clk 0:15:35]} Ke4
{[%clk 0:33:47]} 0-1

[Event "WYCC Girls 10"]
[Site "Porto Carras"]
[Date "2015.10.29"]
[Round "5.4"]
[White "Mungunzul, Bat-Erdene"]
[Black "Allahverdiyeva, Ayan"]
[Result "1-0"]
[BlackElo "1657"]
[WhiteElo "1731"]
[LiveChessVersion "1.4.6"]

1. d4 {[%clk 1:30:55]} e6 {[%clk 1:30:47]} 2. c4 {[%clk 1:31:03]} b6
{[%clk 1:30:39]} 3. Nc3 {[%clk 1:30:19]} Bb7 {[%clk 1:27:46]} 4. Nf3
{[%clk 1:28:40]} f5 {[%clk 1:27:55]} 5. Qc2 {[%clk 1:26:55]} Nf6 {[%clk 1:27:54]}
6. Bd2 {[%clk 1:22:59]} Be7 {[%clk 1:27:24]} 7. e3 {[%clk 1:19:30]} O-O
{[%clk 1:25:44]} 8. Bd3 {[%clk 1:18:34]} Qe8 {[%clk 1:24:56]} 9. O-O-O
{[%clk 1:17:14]} Nc6 {[%clk 1:18:56]} 10. a3 {[%clk 1:16:31]} Na5
{[%clk 1:17:15]} 11. Nb5 {[%clk 1:13:34]} Qd8 {[%clk 1:16:06]} 12. Nc3
{[%clk 1:05:58]} Ba6 {[%clk 0:57:12]} 13. Nb1 {[%clk 1:02:59]} c5
{[%clk 0:46:23]} 14. dxc5 {[%clk 0:59:07]} Nb7 {[%clk 0:39:52]} 15. b4
{[%clk 0:56:37]} Rc8 {[%clk 0:38:12]} 16. Qa4 {[%clk 0:54:57]} Bxc4
{[%clk 0:38:00]} 17. Bxc4 {[%clk 0:54:48]} bxc5 {[%clk 0:36:14]} 18. Bc3
{[%clk 0:46:29]} d5 {[%clk 0:31:45]} 19. Ba6 {[%clk 0:23:48]} cxb4
{[%clk 0:27:40]} 20. Bxb7 {[%clk 0:23:32]} bxc3 {[%clk 0:27:46]} 21. Bxc8
{[%clk 0:22:38]} Qb6 {[%clk 0:28:13]} 22. Bxe6+ {[%clk 0:22:19]} Qxe6
{[%clk 0:28:36]} 23. Nxc3 {[%clk 0:20:56]} Rc8 {[%clk 0:28:48]} 24. Kd2
{[%clk 0:18:52]} Rxc3 {[%clk 0:27:41]} 25. Kxc3 {[%clk 0:18:09]} Ne4+
{[%clk 0:27:59]} 26. Kb2 {[%clk 0:15:10]} Bf6+ {[%clk 0:28:12]} 27. Nd4
{[%clk 0:13:44]} Nxf2 {[%clk 0:28:29]} 28. Ka2 {[%clk 0:12:23]} Nxd1
{[%clk 0:28:32]} 29. Rxd1 {[%clk 0:11:15]} Qxe3 {[%clk 0:28:58]} 30. Nc2
{[%clk 0:09:41]} Qe5 {[%clk 0:29:20]} 31. Qd4 {[%clk 0:09:15]} 1-0

[Event "WYCC Girls 10"]
[Site "Porto Carras"]
[Date "2015.10.29"]
[Round "5.5"]
[White "Lomaia, Diana"]
[Black "Song, Yuxin"]
[Result "1/2-1/2"]
[BlackElo "1700"]
[WhiteElo "1498"]
[LiveChessVersion "1.4.6"]

1. e4 {[%clk 1:30:53]} c5 {[%clk 1:30:54]} 2. c3 {[%clk 1:31:04]} d5
{[%clk 1:31:17]} 3. exd5 {[%clk 1:31:07]} Qxd5 {[%clk 1:31:42]} 4. d4
{[%clk 1:30:05]} g6 {[%clk 1:31:51]} 5. Nf3 {[%clk 1:29:56]} Bg7 {[%clk 1:31:56]}
6. Na3 {[%clk 1:29:34]} cxd4 {[%clk 1:31:54]} 7. cxd4 {[%clk 1:21:37]} a6
{[%clk 1:22:46]} 8. Bc4 {[%clk 1:17:42]} Qd8 {[%clk 1:20:16]} 9. O-O
{[%clk 1:15:42]} Nf6 {[%clk 1:17:18]} 10. Qb3 {[%clk 1:06:16]} e6
{[%clk 1:16:09]} 11. Re1 {[%clk 1:04:08]} O-O {[%clk 1:15:56]} 12. Bg5
{[%clk 0:58:01]} Nc6 {[%clk 1:13:14]} 13. Rad1 {[%clk 0:55:11]} b5
{[%clk 1:11:24]} 14. Bf1 {[%clk 0:52:54]} Qd5 {[%clk 1:10:31]} 15. Qxd5
{[%clk 0:48:20]} Nxd5 {[%clk 1:09:34]} 16. Nc2 {[%clk 0:44:36]} h6
{[%clk 1:03:10]} 17. Bh4 {[%clk 0:44:29]} Re8 {[%clk 1:00:20]} 18. Ne5
{[%clk 0:42:59]} Nce7 {[%clk 0:54:35]} 19. Bxe7 {[%clk 0:41:03]} Nxe7
{[%clk 0:54:03]} 20. Ne3 {[%clk 0:36:36]} Bb7 {[%clk 0:53:10]} 21. Be2
{[%clk 0:32:09]} Rad8 {[%clk 0:52:55]} 22. f4 {[%clk 0:28:35]} f6
{[%clk 0:50:13]} 23. Nf3 {[%clk 0:26:39]} Rd6 {[%clk 0:42:12]} 24. Rd2
{[%clk 0:24:55]} Red8 {[%clk 0:37:35]} 25. Red1 {[%clk 0:24:01]} Be4
{[%clk 0:37:40]} 26. Ne1 {[%clk 0:21:38]} Nc6 {[%clk 0:37:20]} 27. Bf3
{[%clk 0:20:43]} f5 {[%clk 0:37:16]} 28. Bxe4 {[%clk 0:19:14]} fxe4
{[%clk 0:37:25]} 29. N1c2 {[%clk 0:14:07]} Nxd4 {[%clk 0:37:16]} 30. Nxd4
{[%clk 0:14:22]} Rxd4 {[%clk 0:37:28]} 31. Rxd4 {[%clk 0:14:04]} Bxd4
{[%clk 0:37:45]} 32. Kf1 {[%clk 0:14:13]} Bb6 {[%clk 0:37:40]} 33. Rxd8+
{[%clk 0:14:37]} Bxd8 {[%clk 0:38:06]} 34. Ke2 {[%clk 0:14:49]} Bb6
{[%clk 0:35:37]} 35. Ng4 {[%clk 0:14:36]} Kg7 {[%clk 0:35:57]} 36. b3
{[%clk 0:14:04]} Bd4 {[%clk 0:35:02]} 37. h3 {[%clk 0:11:01]} h5 {[%clk 0:31:32]}
38. Ne5 {[%clk 0:07:17]} Bxe5 {[%clk 0:25:14]} 39. fxe5 {[%clk 0:07:43]} g5
{[%clk 0:25:42]} 40. Ke3 {[%clk 0:38:03]} Kg6 {[%clk 0:56:09]} 41. Kxe4
{[%clk 0:38:23]} h4 {[%clk 0:56:37]} 42. b4 {[%clk 0:38:20]} Kh5 {[%clk 0:56:54]}
43. Kf3 {[%clk 0:35:01]} Kh6 {[%clk 0:57:19]} 44. Ke3 {[%clk 0:34:32]} Kg7
{[%clk 0:56:16]} 45. Kf3 {[%clk 0:32:52]} Kf7 {[%clk 0:56:29]} 46. Ke3
{[%clk 0:31:50]} Kg6 {[%clk 0:55:45]} 47. Ke4 {[%clk 0:32:07]} Kh6
{[%clk 0:56:10]} 48. Ke3 {[%clk 0:32:11]} Kh5 {[%clk 0:56:21]} 49. Kf3
{[%clk 0:32:31]} Kg6 {[%clk 0:56:35]} 50. Ke4 {[%clk 0:32:53]} Kf7
{[%clk 0:56:56]} 51. Kf3 {[%clk 0:32:53]} Kg7 {[%clk 0:57:14]} 52. Ke3
{[%clk 0:33:10]} Kg6 {[%clk 0:56:46]} 53. Ke4 {[%clk 0:33:33]} Kh5
{[%clk 0:56:39]} 54. Kf3 {[%clk 0:33:50]} Kh6 {[%clk 0:57:04]} 55. Ke3
{[%clk 0:34:04]} Kg6 {[%clk 0:57:27]} 56. Ke4 {[%clk 0:34:21]} 1/2-1/2

[Event "WYCC Girls 10"]
[Site "Porto Carras"]
[Date "2015.10.29"]
[Round "5.6"]
[White "Can, Isil"]
[Black "Rakshitta, Ravi"]
[Result "1-0"]
[BlackElo "1516"]
[WhiteElo "1795"]
[LiveChessVersion "1.4.6"]

1. e4 {[%clk 1:30:57]} e5 {[%clk 1:29:32]} 2. Nf3 {[%clk 1:30:51]} Nc6
{[%clk 1:29:57]} 3. Nc3 {[%clk 1:31:45]} Nf6 {[%clk 1:30:24]} 4. a3
{[%clk 1:32:08]} d5 {[%clk 1:25:58]} 5. Bb5 {[%clk 1:32:31]} Nxe4
{[%clk 1:17:39]} 6. Nxe5 {[%clk 1:32:46]} Qf6 {[%clk 1:17:31]} 7. Nf3
{[%clk 1:27:11]} Be6 {[%clk 1:13:05]} 8. O-O {[%clk 1:24:27]} Bd6
{[%clk 1:12:47]} 9. d4 {[%clk 1:24:12]} Nxc3 {[%clk 1:06:26]} 10. bxc3
{[%clk 1:24:19]} h6 {[%clk 1:06:24]} 11. a4 {[%clk 1:22:56]} O-O {[%clk 1:05:47]}
12. Ba3 {[%clk 1:22:33]} Bxa3 {[%clk 1:05:49]} 13. Rxa3 {[%clk 1:22:57]} Bg4
{[%clk 1:06:02]} 14. Ra1 {[%clk 1:19:37]} Ne7 {[%clk 1:05:39]} 15. h3
{[%clk 1:19:41]} Bh5 {[%clk 1:02:32]} 16. Re1 {[%clk 1:15:13]} c6
{[%clk 1:00:41]} 17. Bd3 {[%clk 1:15:16]} Rfe8 {[%clk 0:57:37]} 18. Rb1
{[%clk 1:15:08]} b6 {[%clk 0:55:25]} 19. Re3 {[%clk 1:10:52]} Qd6
{[%clk 0:46:54]} 20. Qe2 {[%clk 1:06:05]} Bxf3 {[%clk 0:35:36]} 21. gxf3
{[%clk 1:06:21]} Qd7 {[%clk 0:34:35]} 22. Re1 {[%clk 1:06:12]} Kf8
{[%clk 0:34:59]} 23. f4 {[%clk 1:00:42]} g6 {[%clk 0:28:34]} 24. Re5
{[%clk 0:56:54]} Ng8 {[%clk 0:24:55]} 25. f5 {[%clk 0:52:46]} Nf6 26. fxg6
{[%clk 0:50:31]} Qxh3 {[%clk 0:21:45]} 27. gxf7 {[%clk 0:47:56]} Rxe5
{[%clk 0:11:49]} 28. Qxe5 {[%clk 0:45:34]} Qg4+ {[%clk 0:12:01]} 29. Kf1
{[%clk 0:43:23]} Qh3+ {[%clk 0:12:12]} 30. Ke2 {[%clk 0:39:33]} Qh5+
{[%clk 0:08:18]} 31. Kd2 {[%clk 0:34:44]} Qxf7 {[%clk 0:06:25]} 32. Qd6+
{[%clk 0:34:56]} Kg8 {[%clk 0:06:30]} 33. Rg1+ {[%clk 0:27:33]} Kh8
{[%clk 0:06:55]} 34. Rg6 {[%clk 0:26:36]} Ne4+ {[%clk 0:03:07]} 35. Bxe4
{[%clk 0:24:40]} dxe4 {[%clk 0:03:34]} 36. Rf6 {[%clk 0:24:16]} Qe8
{[%clk 0:02:47]} 37. Rxh6+ {[%clk 0:23:22]} Kg7 {[%clk 0:03:13]} 38. Qf6+
{[%clk 0:23:43]} Kg8 {[%clk 0:03:29]} 39. Rh8# {[%clk 0:24:05]} 1-0

[Event "WYCC Girls 10"]
[Site "Porto Carras"]
[Date "2015.10.29"]
[Round "5.7"]
[White "Altantuya, Boldbaatar"]
[Black "Reuter, Elisa"]
[Result "1-0"]
[BlackElo "1722"]
[WhiteElo "1561"]
[LiveChessVersion "1.4.6"]

1. e4 {[%clk 1:30:56]} c5 {[%clk 1:30:57]} 2. Nf3 {[%clk 1:30:51]} Nc6
{[%clk 1:31:22]} 3. Bb5 {[%clk 1:30:45]} g6 {[%clk 1:31:47]} 4. O-O
{[%clk 1:30:56]} Bg7 {[%clk 1:32:12]} 5. c3 {[%clk 1:31:11]} e5 {[%clk 1:30:46]}
6. d3 {[%clk 1:28:05]} Nge7 {[%clk 1:29:20]} 7. Be3 {[%clk 1:26:40]} b6
{[%clk 1:27:14]} 8. d4 {[%clk 1:20:27]} cxd4 {[%clk 1:20:54]} 9. cxd4
{[%clk 1:20:43]} exd4 {[%clk 1:21:01]} 10. Nxd4 {[%clk 1:20:57]} Nxd4
{[%clk 1:20:50]} 11. Bxd4 {[%clk 1:21:18]} O-O {[%clk 1:20:42]} 12. Bxg7
{[%clk 1:21:31]} Kxg7 {[%clk 1:21:07]} 13. Qd4+ {[%clk 1:21:51]} Kg8
{[%clk 1:09:43]} 14. Rd1 {[%clk 1:21:55]} Rb8 {[%clk 0:51:05]} 15. Bxd7
{[%clk 1:09:05]} Bxd7 {[%clk 0:49:46]} 16. Qxd7 {[%clk 1:09:27]} Qxd7
{[%clk 0:49:50]} 17. Rxd7 {[%clk 1:09:50]} Rfd8 {[%clk 0:48:33]} 18. Rxd8+
{[%clk 1:10:08]} Rxd8 {[%clk 0:48:55]} 19. Nc3 {[%clk 1:07:05]} Rd2
{[%clk 0:46:01]} 20. b3 {[%clk 1:06:35]} Rc2 {[%clk 0:43:44]} 21. Nd1
{[%clk 1:01:33]} b5 {[%clk 0:42:14]} 22. Ne3 {[%clk 1:01:12]} Re2
{[%clk 0:39:56]} 23. Kf1 {[%clk 1:01:31]} Rb2 {[%clk 0:36:39]} 24. Nd1
{[%clk 0:53:20]} Rc2 {[%clk 0:36:17]} 25. a4 {[%clk 0:53:33]} b4 {[%clk 0:33:10]}
26. Rb1 {[%clk 0:52:23]} Kg7 {[%clk 0:30:50]} 27. Rb2 {[%clk 0:51:34]} Rxb2
{[%clk 0:27:29]} 28. Nxb2 {[%clk 0:51:58]} Nc6 {[%clk 0:27:46]} 29. Nd3
{[%clk 0:52:09]} a5 {[%clk 0:27:38]} 30. Ke1 {[%clk 0:50:33]} Kf6
{[%clk 0:27:39]} 31. Kd2 {[%clk 0:50:50]} Nd4 {[%clk 0:20:34]} 32. Nc5
{[%clk 0:49:10]} Ke7 {[%clk 0:11:50]} 33. Kd3 {[%clk 0:48:21]} Nc6
{[%clk 0:11:07]} 34. Kc4 {[%clk 0:46:57]} Kd6 {[%clk 0:10:50]} 35. Nd3
{[%clk 0:43:17]} f6 {[%clk 0:09:46]} 36. f4 {[%clk 0:42:53]} Kc7 {[%clk 0:05:30]}
37. e5 {[%clk 0:43:10]} fxe5 {[%clk 0:05:06]} 38. Nxe5 {[%clk 0:43:16]} Nd8
{[%clk 0:04:43]} 39. Kb5 {[%clk 0:42:43]} Ne6 {[%clk 0:04:05]} 40. Kxa5
{[%clk 1:11:28]} Nxf4 {[%clk 0:34:17]} 41. g3 {[%clk 1:09:58]} Nd5
{[%clk 0:34:17]} 42. Nd3 {[%clk 1:10:07]} h5 {[%clk 0:34:04]} 43. Nxb4
{[%clk 1:10:02]} Ne3 {[%clk 0:34:16]} 44. h4 {[%clk 1:08:41]} Nf1
{[%clk 0:34:31]} 45. Nd5+ {[%clk 1:09:02]} Kd6 {[%clk 0:34:38]} 46. Nf4
{[%clk 1:09:24]} Nxg3 {[%clk 0:34:16]} 47. Nxg6 {[%clk 1:09:29]} Nf5
{[%clk 0:34:21]} 48. b4 {[%clk 1:09:37]} Kc7 {[%clk 0:33:20]} 49. b5
{[%clk 1:09:25]} Kb7 {[%clk 0:32:48]} 50. Kb4 {[%clk 1:09:38]} Nd6
{[%clk 0:31:38]} 51. a5 {[%clk 1:10:04]} Nf5 {[%clk 0:31:28]} 52. Kc5
{[%clk 1:09:41]} Ng7 {[%clk 0:31:18]} 53. a6+ {[%clk 1:09:59]} Ka7
{[%clk 0:31:11]} 54. Kc6 {[%clk 1:10:23]} Ne8 {[%clk 0:31:05]} 55. Ne7
{[%clk 1:10:32]} Ka8 {[%clk 0:29:44]} 56. b6 {[%clk 1:10:48]} Ng7
{[%clk 0:29:35]} 57. b7+ {[%clk 1:13:01]} Ka7 {[%clk 0:29:37]} 58. Nc8+
{[%clk 1:13:23]} Kxa6 {[%clk 0:29:43]} 59. b8=Q {[%clk 1:13:44]} Ka5
{[%clk 0:29:43]} 60. Qb5# {[%clk 1:14:04]} 1-0

[Event "WYCC Girls 10"]
[Site "Porto Carras"]
[Date "2015.10.29"]
[Round "5.8"]
[White "Kamalidenova, Meruert"]
[Black "Long, Siyu"]
[Result "1-0"]
[BlackElo "1474"]
[WhiteElo "1720"]
[LiveChessVersion "1.4.6"]

1. d4 {[%clk 1:30:57]} d5 {[%clk 1:30:35]} 2. c4 {[%clk 1:31:16]} c6
{[%clk 1:30:40]} 3. Nf3 {[%clk 1:31:34]} Nf6 {[%clk 1:30:39]} 4. cxd5
{[%clk 1:31:55]} cxd5 {[%clk 1:30:18]} 5. Nc3 {[%clk 1:32:03]} e6
{[%clk 1:29:59]} 6. Bf4 {[%clk 1:31:39]} Nc6 {[%clk 1:29:20]} 7. Ne5
{[%clk 1:31:38]} Bd6 {[%clk 1:27:31]} 8. e3 {[%clk 1:27:19]} O-O {[%clk 1:26:00]}
9. Bd3 {[%clk 1:27:09]} h6 {[%clk 1:22:57]} 10. O-O {[%clk 1:26:56]} a6
{[%clk 1:18:04]} 11. Nxc6 {[%clk 1:26:30]} bxc6 {[%clk 1:18:04]} 12. Bxd6
{[%clk 1:26:49]} Qxd6 {[%clk 1:18:21]} 13. Na4 {[%clk 1:26:52]} Nd7
{[%clk 1:17:56]} 14. Rc1 {[%clk 1:26:56]} a5 {[%clk 1:16:06]} 15. Nc5
{[%clk 1:26:06]} Nxc5 {[%clk 1:14:58]} 16. Rxc5 {[%clk 1:26:29]} Bd7
{[%clk 1:13:06]} 17. Bc2 {[%clk 1:25:13]} e5 {[%clk 1:12:37]} 18. Ba4
{[%clk 1:24:08]} e4 {[%clk 1:11:52]} 19. b3 {[%clk 1:21:35]} Qg6 {[%clk 1:11:26]}
20. Kh1 {[%clk 1:21:34]} h5 {[%clk 1:10:21]} 21. h3 {[%clk 1:17:11]} Rfe8
{[%clk 1:09:04]} 22. Qc2 {[%clk 1:15:25]} Re6 {[%clk 1:08:56]} 23. Rc1
{[%clk 1:12:00]} Rc8 {[%clk 1:07:44]} 24. Qd1 {[%clk 1:11:16]} Rf6
{[%clk 1:07:13]} 25. R1c2 {[%clk 1:10:48]} Qh6 {[%clk 0:54:32]} 26. Rxa5
{[%clk 1:07:49]} g5 {[%clk 0:53:56]} 27. Rxd5 {[%clk 1:06:21]} Bg4
{[%clk 0:45:33]} 28. hxg4 {[%clk 1:01:43]} hxg4+ {[%clk 0:45:56]} 29. Kg1
{[%clk 1:02:05]} Kg7 {[%clk 0:45:20]} 30. Qxg4 {[%clk 1:00:22]} cxd5
{[%clk 0:42:45]} 31. Rxc8 {[%clk 1:00:17]} Rg6 {[%clk 0:41:58]} 32. Rd8
{[%clk 0:59:20]} Qh7 {[%clk 0:39:40]} 33. Rxd5 {[%clk 0:58:52]} Qh6
{[%clk 0:39:54]} 34. Rd7 {[%clk 0:56:22]} Qh8 {[%clk 0:39:53]} 35. Qf5
{[%clk 0:55:20]} Qf8 {[%clk 0:40:01]} 36. Qe5+ {[%clk 0:55:25]} Kg8
{[%clk 0:40:06]} 37. Qe7 {[%clk 0:55:36]} 1-0